00361nam a2200121Ia 4500082001100000100002000011245006700031260006300098300000800161504004100169650001100210650001800221 aRP0288 aParamasivan, C. 0aEconomic violation against Dalit entrepreneurs in Tamilnadub: c2014bIndian Council of Social Science Research, New Delhi av.p aincludes appendices and bibliography aDALITS aENTREPRENEURS